[Event "AUT-ch U18"]
[Site "Sankt Veit an der Glan"]
[Date "2019.04.14"]
[Round "1"]
[White "Kozissnik, Christian"]
[Black "Busch, Jan"]
[Result "1/2-1/2"]
[WhiteElo "1969"]
[BlackElo "1716"]
[PlyCount "117"]
[EventDate "2019.04.14"]
[EventType "swiss"]
[EventRounds "7"]
[EventCountry "AUT"]
[SourceTitle "CBM 190 Extra"]
[Source "ChessBase"]
[SourceDate "2019.07.15"]
[SourceVersion "1"]
[SourceVersionDate "2019.07.15"]
[SourceQuality "1"]

1. d4 Nf6 2. Nf3 g6 3. g3 Bg7 4. Bg2 d6 5. 0-0 0-0 6. c4 Nbd7 7. Nc3 c5 8. Rb1 cxd4 9. Nxd4 Ne5 10. b3 Rb8 11. f4 Neg4 12. h3 Nh6 13. e4 Qb6 14. Na4 Qa5 15. b4 Qh5 16. Qxh5 Nxh5 17. Ne2 f5 18. e5 dxe5 19. fxe5 Nf7 20. Nf4 Nxg3 21. Re1 Nxe5 22. Bd5+ e6 23. Nxe6 Bxe6 24. Bxe6+ Kh8 25. Kg2 Nd3 26. Kxg3 Nxe1 27. Bf4 Rbe8 28. Rxe1 Rf6 29. Nc5 b6 30. Be5 bxc5 31. Bxf6 Bxf6 32. bxc5 Be7 33. c6 Kg7 34. Kf3 Bd6 35. Rd1 Rxe6 36. c7 Bxc7 37. Rd7+ Kf6 38. Rxc7 Ra6 39. Rxh7 Ra3+ 40. Ke2 Ke5 41. c5 Rxa2+ 42. Kd3 Kd5 43. Rg7 Kxc5 44. Rxg6 Ra3+ 45. Kd2 Rxh3 46. Ra6 Kd4 47. Ra4+ Ke5 48. Rxa7 Kf4 49. Ra4+ Kg3 50. Ke2 Rh2+ 51. Ke1 f4 52. Ra8 Rh1+ 53. Kd2 f3 54. Rg8+ Kf2 55. Rg7 Rg1 56. Rh7 Kf1 57. Ke3 f2 58. Kf3 Ke1 59. Re7+ 1/2-1/2

[Event "AUT-ch U16"]
[Site "St Veit"]
[Date "2018.03.27"]
[Round "5"]
[White "Bratko, Alexander"]
[Black "Busch, Jan"]
[Result "1/2-1/2"]
[WhiteElo "1681"]
[BlackElo "1132"]
[PlyCount "120"]
[EventDate "2018.03.25"]
[EventType "swiss"]
[EventRounds "7"]
[EventCountry "AUT"]
[SourceTitle "EXT 2019"]
[Source "ChessBase"]
[SourceDate "2018.10.10"]
[SourceVersion "1"]
[SourceVersionDate "2018.10.10"]
[SourceQuality "1"]

1. Nf3 c5 2. g3 d5 3. Bg2 Nf6 4. 0-0 Nc6 5. d3 Bf5 6. Re1 e6 7. c3 Be7 8. Nbd2 0-0 9. Qa4 a6 10. h3 b5 11. Qc2 Qd7 12. e4 Bg6 13. a4 c4 14. Nh4 Ne5 15. Nxg6 hxg6 16. exd5 Nxd3 17. Re2 exd5 18. Nf3 Ne4 19. Nd4 Nec5 20. b3 Bf6 21. bxc4 bxc4 22. Ra3 Nxc1 23. Qxc1 Nxa4 24. Bxd5 Nxc3 25. Bxa8 Nxe2+ 26. Nxe2 Rxa8 27. Qxc4 a5 28. Kh2 Qf5 29. Nf4 Rb8 30. Nd3 Be7 31. Ra2 Qb5 32. Qe4 Bb4 33. Rb2 Re8 34. Qf3 Qa4 35. Qd5 Qa3 36. Rb3 Qa2 37. Qd7 Rf8 38. Rb2 Qc4 39. Nxb4 axb4 40. Qb7 Qd4 41. Qxb4 Qxb4 42. Rxb4 Rd8 43. Kg2 f6 44. Ra4 g5 45. g4 Rd2 46. Ra7 Kh7 47. Re7 Kg6 48. Kf3 Rd4 49. Re4 Rd3+ 50. Re3 Rd4 51. Kg3 Rf4 52. h4 Rc4 53. h5+ Kh6 54. Re8 Kh7 55. Kf3 Rf4+ 56. Kg3 Rc4 57. Ra8 Rb4 58. f3 Rb7 59. Ra6 Kg8 60. h6 Kh7 1/2-1/2